000 00427nam a22001577a 4500
005 20241214111737.0
008 241214b ||||| |||| 00| 0 eng d
040 _cAL
041 _aEnglish
082 _223
_a348.04
_bCHAI
100 _aTejinder Pal Singh Chawla
_9190944
245 _aIndian Civil Cases: Vol 89 2017(4)
260 _aChandigarh
_bICC Publications
_c2017
650 _aCivil Laws
_9190945
942 _2ddc
_cBI
999 _c232894
_d232894